Nicktoons Quiz (2000s) - Statistics

General Stats
  • This quiz has been taken 41 times
  • The average score is 13 of 17
Answer Stats
Years Answer % Correct
2001-2017 The Fairly OddParents
96%
2004-2007 Danny Phantom
89%
2005-2008 Avatar: The Last Airbender
82%
2009-2014 Fanboy and Chum Chum
82%
2007-2011 Back At The Barnyard
79%
2002-2008 ChalkZone
79%
2001-2006 Invader ZIM
79%
2003-2009 My Life As A Teenage Robot
79%
2002-2006 The Adventures of Jimmy Neutron, Boy Genius
79%
2008-2011 The Mighty B!
79%
2003-2008 All Grown Up!
75%
2000-2006 As Told By Ginger
75%
2007-2009 Tak And The Power Of Juju
75%
2005-2006 The X's
75%
2007-2008 El Tigre: The Adventures of Manny Rivera
71%
2005-2007 Catscratch
68%
2008-2016 The Penguins of Madagascar
64%
No matching quizzes found
Score Distribution
Percent of People with Each Score
Percentile by Number Answered
Your Score History
You have not taken this quiz